[Event "Northumberland-ch Sell"]
[Site "Northumberland"]
[Date "2019.04.27"]
[Round "7"]
[White "Marsh, John"]
[Black "Seeber, Martin"]
[Result "1/2-1/2"]
[WhiteElo "135"]
[BlackElo "156"]
[PlyCount "87"]
[EventDate "2018.10.27"]
[EventType "swiss"]
[EventRounds "7"]
[EventCountry "ENG"]
[SourceTitle "EXT 2020"]
[Source "ChessBase"]
[SourceDate "2019.10.17"]
[SourceVersion "1"]
[SourceVersionDate "2019.10.17"]
[SourceQuality "1"]

1. e4 c6 2. d4 d5 3. Nc3 dxe4 4. Nxe4 Nd7 5. Nf3 Ngf6 6. Nxf6+ Nxf6 7. h3 e6 8. Bg5 Be7 9. Bd3 b6 10. Qe2 Bb7 11. 0-0 0-0 12. Rad1 Qc7 13. Rfe1 Rad8 14. c4 h6 15. Bd2 Bd6 16. Bc3 Be7 17. Ne5 Bd6 18. Ng4 Nxg4 19. Qxg4 Rfe8 20. d5 e5 21. Qe4 g6 22. Qh4 Bf8 23. Bxe5 Rxe5 24. Rxe5 cxd5 25. Rde1 dxc4 26. Bxc4 Kg7 27. b3 Bc5 28. Qg4 Rd4 29. Qe2 Qc6 30. Qf1 Rd2 31. R5e2 Rd4 32. Kh1 Rh4 33. f3 Qf6 34. Rd1 Bd6 35. Rxd6 Qxd6 36. Qa1+ Qf6 37. Qe5 Qxe5 38. Rxe5 Kf6 39. Re8 Rd4 40. Rb8 Rd7 41. Kh2 h5 42. a4 h4 43. Rh8 g5 44. Kg1 1/2-1/2

[Event "Northumberland-ch Sell"]
[Site "Northumberland"]
[Date "2019.02.02"]
[Round "4"]
[White "Marsh, John"]
[Black "Skelsey, Stuart"]
[Result "1-0"]
[WhiteElo "135"]
[BlackElo "155"]
[PlyCount "77"]
[EventDate "2018.10.27"]
[EventType "swiss"]
[EventRounds "7"]
[EventCountry "ENG"]
[SourceTitle "EXT 2020"]
[Source "ChessBase"]
[SourceDate "2019.10.17"]
[SourceVersion "1"]
[SourceVersionDate "2019.10.17"]
[SourceQuality "1"]

1. e4 d6 2. d4 Nf6 3. Nc3 g6 4. Be3 c6 5. Qd2 Ng4 6. Bg5 h6 7. Bh4 Bg7 8. h3 Nf6 9. f4 0-0 10. Bd3 b5 11. Nf3 Nbd7 12. e5 b4 13. Ne2 dxe5 14. fxe5 Nd5 15. e6 fxe6 16. Bxg6 Ba6 17. Bd3 Bxd3 18. Qxd3 Qb6 19. 0-0 Rf5 20. Bf2 Raf8 21. Qe4 Nc7 22. d5 cxd5 23. Qxf5 exf5 24. Bxb6 axb6 25. c3 bxc3 26. Nxc3 d4 27. Nd1 Nd5 28. Rc1 e5 29. Rc6 Rf6 30. Rc8+ Kh7 31. Rd8 Rf7 32. b3 e4 33. Nh4 f4 34. Nf5 Rxf5 35. Rxd7 e3 36. Nb2 Nb4 37. a3 Nc2 38. Nd3 e2 39. Rc1 1-0

[Event "Northumberland-ch Sell"]
[Site "Northumberland"]
[Date "2018.10.27"]
[Round "1"]
[White "Laws, Darren C"]
[Black "Marsh, John"]
[Result "1-0"]
[WhiteElo "159"]
[BlackElo "135"]
[PlyCount "110"]
[EventDate "2018.10.27"]
[EventType "swiss"]
[EventRounds "7"]
[EventCountry "ENG"]
[SourceTitle "EXT 2020"]
[Source "ChessBase"]
[SourceDate "2019.10.17"]
[SourceVersion "1"]
[SourceVersionDate "2019.10.17"]
[SourceQuality "1"]

1. d4 Nf6 2. c4 e5 3. dxe5 Ng4 4. Bf4 Bc5 5. e3 d6 6. Nf3 Nc6 7. exd6 cxd6 8. Nc3 0-0 9. Be2 Re8 10. 0-0 a6 11. a3 Nf6 12. b4 Ba7 13. Qxd6 Bd7 14. Bg5 Re6 15. Qd3 h6 16. Bh4 Bb8 17. Nd5 g5 18. Nxf6+ Rxf6 19. Bg3 Qe7 20. Rad1 Bf5 21. Qc3 Rg6 22. Nd4 Nxd4 23. Qxd4 Bc7 24. Bxc7 Qxc7 25. e4 Be6 26. Rd2 h5 27. Qd6 Qxd6 28. Rxd6 h4 29. h3 Re8 30. c5 Kh7 31. Bd3 Kh6 32. e5 Rg7 33. f4 gxf4 34. Rxf4 Kg5 35. Rf3 Reg8 36. Kf2 Kh5 37. Bf1 Rg5 38. Re3 Rf5+ 39. Ke1 Rgg5 40. Be2+ Kh6 41. Bg4 Rxe5 42. Kf2 Kg7 43. Bxe6 Rxe3 44. Kxe3 fxe6 45. Kf3 Rg3+ 46. Kf2 Kf6 47. Rb6 Rg7 48. c6 bxc6 49. Rxc6 a5 50. b5 Rg3 51. a4 Ra3 52. Rc4 Ra2+ 53. Kf3 Rb2 54. Rxh4 Rb4 55. Rxb4 axb4 1-0